Hatchet /

After a plane crash, thirteen-year-old Brian spends fifty-four days in the wilderness, learning to survive initially with only the aid of a hatchet given him by his mother, and learning also to survive his parents' divorce.

Bibliographic Details
Main Author: Paulsen, Gary
Format: Book
Language:English
Published: New York : Bradbury Press, [1987]
Subjects:

MARC

Tag First Indicator Second Indicator Subfields
LEADER 00000cam a22000008a 4500
001 in00000010861
005 20151007051931.0
008 870302s1987 nyu j 00011 eng
010 |a  87006416  
020 |a 0027701301 :  |c $13.95 
035 |a (OCoLC)15366056 
035 |9 AAA5523AM 
040 |a DLC  |c DLC  |d m/c  |d TXA  |d UtOrBLW 
049 |a [Curr Col] TXAM  |c [A11034679] 
050 0 0 |a PZ7.P2843  |b Hat 1987 
082 0 |a [Fic]  |2 19 
100 1 |a Paulsen, Gary. 
245 1 0 |a Hatchet /  |c Gary Paulsen. 
264 1 |a New York :  |b Bradbury Press,  |c [1987] 
264 4 |c ©1987 
300 |a 195 pages 
336 |a text  |b txt  |2 rdacontent 
337 |a unmediated  |b n  |2 rdamedia 
338 |a volume  |b nc  |2 rdacarrier 
520 |a After a plane crash, thirteen-year-old Brian spends fifty-four days in the wilderness, learning to survive initially with only the aid of a hatchet given him by his mother, and learning also to survive his parents' divorce. 
586 |a Texas Bluebonnet Award nominee, 1991. 
586 |a Dorothy Canfield Fisher Children's Book Award, 1989 
586 |a Newbery Honor Book, 1988 
650 1 |a Survival  |x Fiction. 
650 1 |a Divorce  |x Fiction. 
999 |a MARS 
999 f f |s c12d469c-6769-3b2c-94a2-5c061f98c821  |i 17d4ede1-a7ae-38d5-bb9f-fac2551a169c  |t 0 
952 f f |p normal  |a Texas A&M University  |b College Station  |c Sterling C. Evans Library  |d Evans: Curriculum Collection (4th floor)  |t 0  |e PZ7.P2843 Hat 1987  |h Library of Congress classification  |i unmediated -- volume  |m A14811034679 
998 f f |a PZ7.P2843 Hat 1987  |t 0  |l Evans: Curriculum Collection (4th floor)